Pub, bar or restaurant? (Record no. 117387)
[ view plain ]
| 000 -LEADER | |
|---|---|
| fixed length control field | 01534cam a2200289 4500 |
| 001 - CONTROL NUMBER | |
| control field | ABS67856 |
| 008 - FIXED-LENGTH DATA ELEMENTS--GENERAL INFORMATION | |
| fixed length control field | 040524n2004 000 0 eng u |
| 035 ## - SYSTEM CONTROL NUMBER | |
| System control number | (Sirsi) u126264 |
| 100 ## - MAIN ENTRY--PERSONAL NAME | |
| Personal name | Negus, R. |
| 245 ## - TITLE STATEMENT | |
| Title | Pub, bar or restaurant? |
| 260 ## - PUBLICATION, DISTRIBUTION, ETC. | |
| Date of publication, distribution, etc. | 2004 |
| 490 ## - SERIES STATEMENT | |
| Series statement | Journal of Retail and Leisure Property |
| Volume/sequential designation | 3(4) 2004, 326-330(5) |
| 520 ## - SUMMARY, ETC. | |
| Summary, etc. | Focuses on the proposed changes to the Town and Country Planning (Use Classes) Order 1987 and permitted development rights affecting use class A3 (pubs and restaurants). Identifies some of the practical difficulties in differentiating the new use classes and highlights some of the operational and property issues affecting land-use categories and their likely impact on property and rental values. Concludes that businesses offering food and drink, and more particularly dining and vertical drinking areas, should fall within the same use class category: pub, bar, restaurant. While the government review may have addressed changes of use to less desirable uses, pub, bar and restaurant operators now have to worry about breaching planning when licensing laws already exist to control their use. [Taken from journal abstract]. |
| 590 ## - LOCAL NOTE (RLIN) | |
| Local note | ABS |
| 590 ## - LOCAL NOTE (RLIN) | |
| Local note | ABS |
| 650 ## - SUBJECT ADDED ENTRY--TOPICAL TERM | |
| Topical term or geographic name entry element | CLASS A4 |
| 650 ## - SUBJECT ADDED ENTRY--TOPICAL TERM | |
| Topical term or geographic name entry element | CLASS A5 |
| 650 ## - SUBJECT ADDED ENTRY--TOPICAL TERM | |
| Topical term or geographic name entry element | CLASS A3 |
| 650 ## - SUBJECT ADDED ENTRY--TOPICAL TERM | |
| Topical term or geographic name entry element | TOWN AND COUNTRY PLANNING (USE CLASSES) ORDER 1987 |
| 650 ## - SUBJECT ADDED ENTRY--TOPICAL TERM | |
| Topical term or geographic name entry element | BARS |
| 650 ## - SUBJECT ADDED ENTRY--TOPICAL TERM | |
| Topical term or geographic name entry element | RENTAL VALUES |
| 650 ## - SUBJECT ADDED ENTRY--TOPICAL TERM | |
| Topical term or geographic name entry element | PUBS |
| 650 ## - SUBJECT ADDED ENTRY--TOPICAL TERM | |
| Topical term or geographic name entry element | RESTAURANTS |
| 650 ## - SUBJECT ADDED ENTRY--TOPICAL TERM | |
| Topical term or geographic name entry element | USE CLASSES |
| 690 ## - LOCAL SUBJECT ADDED ENTRY--TOPICAL TERM (OCLC, RLIN) | |
| Topical term or geographic name as entry element | PLANNING-PRACTICE |
| 942 ## - ADDED ENTRY ELEMENTS (KOHA) | |
| Suppress in OPAC | 0 |
| Withdrawn status | Lost status | Source of classification or shelving scheme | Damaged status | Not for loan | Home library | Current library | Shelving location | Date acquired | Total Checkouts | Full call number | Barcode | Date last seen | Copy number | Price effective from | Koha item type |
|---|---|---|---|---|---|---|---|---|---|---|---|---|---|---|---|
| Dewey Decimal Classification | London | London | Journal article | 24/05/2004 | ABS67856 | 126264-1001 | 06/08/2019 | 1 | 06/08/2019 | Journal article |